Normal view
MARC view
- REGIONES ARTICAS -
Entry Nombre Geográfico
001 - NÚMERO DE CONTROL
- campo de control: 43970
003 - IDENTIFICADOR DE NUMERO DE CONTROL
- campo de control: UPN
005 - FECHA Y HORA DE LA ÜLTIMA TRANSACCIÓN
- campo de control: 20220311120137.0
008 - DATOS DE LONGITUD FIJA
- campo de control de longitud fija: 220311|| aca||aabn | a|a d
040 ## - FUENTE DE CATALOGACIÓN
- Agencia de catalogación original: UPN
151 ## - ENCABEZAMIENTO - NOMBRE GEOGRÁFICO
- Nombre geográfico: REGIONES ARTICAS -
- Subdivisión general : DESCUBRIMIENTO Y EXPLORACION -
- Subdivisión general : ITALIANO
670 ## - FUENTE EN LA QUE SE LOCALIZARON DATOS
- Cita de la fuente: LC
- Información localizada: Arctic regions - Discovery and exploration - Italian
902 ## - CATALOGADOR
- Catalogador: CAA/110322
